| 000 | 00475nam a22001697a 4500 | ||
|---|---|---|---|
| 003 | BD-ChCU | ||
| 005 | 20260510112624.0 | ||
| 008 | 260510b bg ||||| |||| 00| 0 ben d | ||
| 040 | _cBD-ChCU | ||
| 082 | _a330.1 TRV | ||
| 100 |
_aTruitt , Gray . _922670 |
||
| 245 |
_aVisualized : _bPrinciples and problems of economics ./ _cGray , Truitt . |
||
| 260 |
_aNew York : _bOxford Bk. Co. _cC 1936. |
||
| 300 | _aV 334p. | ||
| 650 | 0 |
_aEconomics . _922671 |
|
| 942 |
_2ddc _cBK _n0 |
||
| 999 |
_c112819 _d112819 |
||